| 000 | 00894caa a2200229 ib4500 | ||
|---|---|---|---|
| 003 | SA-RiAUC | ||
| 005 | 20260330123120.0 | ||
| 008 | 260326s1983 su g 000f0 ara c | ||
| 040 |
_aSA-JeALM _bara _cSA-RiAUC _erda |
||
| 043 | _aa-su--- | ||
| 082 | 0 | 4 | _a333.31095314 |
| 090 |
_a333.31095314 _bس ع و |
||
| 110 | _aالسعودية ،مجلس الوزراء - المملكة العربية السعودية. | ||
| 245 | 0 | 0 |
_aنظام توزيع ألأراضي البور _cمجلس الوزراء . المملكة العربية السعودية |
| 264 |
_aمكة المكرمة : _bمطبعة الحكومة. _c1974 |
||
| 300 |
_a29 صفحة _c22 سم. |
||
| 336 |
_aنص _btxt _2rdacontent _3كتاب |
||
| 337 |
_aبدون وسيط _bn _2rdamedia |
||
| 650 | 7 |
_aملكية الأراضي _zالسعودية _2aucsh |
|
| 942 |
_2ddc _cBOOK _n0 |
||
| 949 |
_aSA-JeALM _d260326 _uosman123 _n1 |
||
| 999 |
_c14682 _d14682 |
||